Cierre fiscal y contable 2009

Bibliographic Details
Main Author: Marn̕ Lama, Carlos
Format: Unknown
Language:Spanish
Published: [Barcelona] : Planificacin̤ Jurd̕ica, 2010
Subjects:
Online Access:Acceso restringido

MARC

LEADER 00000ny a22000003n 4500
005 2011061408468.0
008 100324s2010 sp s 000 0 spa c
035 |a 4861 
040 |d vLex 
080 |a 351.713(460) 
090 |c 671  |d 671 
100 1 |a Marn̕ Lama, Carlos 
245 1 0 |a Cierre fiscal y contable 2009  |h [Recurso electrn̤ico]  |c Carlos Marn̕ Lama 
256 |a Servicio en ln̕ea 
260 |a [Barcelona] :  |b Planificacin̤ Jurd̕ica,  |c 2010 
506 1 |a Contenido solo disponible en los productos indicados  |d vLex Global  |d vLex Global (Academic Edition, excluding Law Schools)  |d vLex Global (U.S. Academic Edition, Law Schools)  |d vLex Global (U.S. Academic Edition, excluding Law Schools)  |d vLex Global (Academic Edition, Law Schools) 
650 0 4 |a Derecho fiscal  |z Espaą 
740 0 |a vLex Libros (Servicios en ln̕ea) 
856 4 0 |u http://vlex.com/source/4861  |z Acceso restringido 
942 |c BOOK 
999 0 |a Taxation  |b Barcelona